000 01106nam a22002897a 4500
001 1111
005 20230804081250.0
008 230731b cb ||||| |||| 00| 0 khr d
020 _a9789924341437
040 _aFISKH
_beng
_cFISKH
_dFISKH
082 _a629.224
100 _aVanthary, Oum
245 _aឡាន /
246 _aCars and Trucks
250 _aFirst Sipar printing February, 2022.
260 _aPhnom Penh :
_bSipar,
_c2022.
300 _a12 unnumbered pages :
_bcolor illustrations ;
_c17 cm.
505 _aaa
520 _aណែនាំអោយកុមារតូចអំពីឈ្មោះប្រភេទនៃឡានខុសៗគ្នា។
520 _aBasic vocabulary is introduced for children about different car names.
521 _a10
_bLexile estimate
521 _aaa
_bRaz-Plus
650 _aឡាន និងឡានដឹកទំនិញ
_vពាក្យមូលដ្ឋាន
_xរូបភាព
650 _aCars and trucks
_vBasic vocabulary
_xPictures
700 _aVisoth, Seng
_cillustrator
942 _2ddc
_cBK
_n0
999 _c1111
_d1111